Astronomy with a small telescope

Bibliographic Details
Main Author: Muirden, James (Author)
Format: Book
Published: London : George Philip , c1989
Subjects:

MARC

LEADER 00000cam a2200000 7i4500
001 0000003376
005 20080813093000.0
008 021118n
020 |a 0540011959 
090 0 0 |a QB4   |b .M8 
100 0 |a Muirden, James ,   |e author 
245 0 0 |a Astronomy with a small telescope   |c James Muirden 
260 2 |a London :   |b George Philip ,   |c c1989 
300 |a 224 p. ; ;   |c 25 cm. 
500 |a Includes index 
650 0 |a Astronomy   |v Observers' manuals 
999 |a 1000040421   |b Book   |c OPEN SHELF (30 DAYS)   |e Gong Badak Campus